00343nam a2200121 a 450000100100000000500170001000800410002704000250006810000230009324500350011626000500015130000200020100002991620200930055915.0110427s19uu dr 000 0 spa d aDO-SdBNPbspacBNPHU1 aMaría, Jacobo G.13aUn alto a la intervención /. a[Panamá] :bEditorial La Nación,c[199?]. a52 p. ;c23 cm.